[Event "Hong Kong op"]
[Site "Hong Kong"]
[Date "2023.12.29"]
[Round "9"]
[White "Heng, Jr Herng Kyan"]
[Black "Tang, Tsz Sang"]
[Result "0-1"]
[WhiteElo "1358"]
[BlackElo "1574"]
[PlyCount "86"]
[EventDate "2023.12.24"]
[EventType "swiss"]
[EventRounds "9"]
[EventCountry "HKG"]
[SourceTitle "CBM 217 Extra"]
[Source "ChessBase"]
[SourceDate "2024.01.31"]
[SourceVersion "1"]
[SourceVersionDate "2024.01.31"]
[SourceQuality "1"]

1. e4 c5 2. Nf3 d6 3. c3 Nf6 4. h3 g6 5. Bd3 Bg7 6. Bc2 Nc6 7. 0-0 0-0 8. Re1 e5 9. d4 h6 10. d5 Ne7 11. c4 Nd7 12. Nc3 f5 13. Bd2 f4 14. b4 g5 15. bxc5 Nxc5 16. Nh2 Qe8 17. Nb5 Qg6 18. Bb4 b6 19. Bxc5 bxc5 20. f3 h5 21. Rb1 a6 22. Nc3 g4 23. hxg4 hxg4 24. Nxg4 Bxg4 25. fxg4 Qh6 26. Bd3 Kf7 27. Be2 Rh8 28. Bf3 Bf6 29. g3 fxg3 30. Bg2 Ng6 31. Rb7+ Be7 32. Qf3+ Ke8 33. Rxe7+ Kxe7 34. Qxg3 Qh4 35. Ne2 Rab8 36. Bf3 Rb2 37. Rc1 Qxg3+ 38. Nxg3 Rhh2 39. Nf5+ Kd7 40. Ne3 Rh3 41. Nd1 Rxa2 42. Bg2 Rg3 43. Nf2 Nf4 0-1

[Event "Hong Kong op"]
[Site "Hong Kong"]
[Date "2023.12.26"]
[Round "5"]
[White "Chiu, Silas Nathaniel"]
[Black "Tang, Tsz Sang"]
[Result "0-1"]
[WhiteElo "1197"]
[BlackElo "1574"]
[PlyCount "122"]
[EventDate "2023.12.24"]
[EventType "swiss"]
[EventRounds "9"]
[EventCountry "HKG"]
[SourceTitle "CBM 217 Extra"]
[Source "ChessBase"]
[SourceDate "2024.01.31"]
[SourceVersion "1"]
[SourceVersionDate "2024.01.31"]
[SourceQuality "1"]

1. e4 b6 2. d4 Bb7 3. Nc3 e6 4. Nf3 Ne7 5. Bc4 g6 6. 0-0 Bg7 7. Bf4 d6 8. Qd2 0-0 9. Rad1 Nd7 10. Rfe1 a6 11. a4 Rc8 12. Qd3 Ra8 13. Ne2 d5 14. exd5 Nxd5 15. Bg3 Re8 16. Nf4 N5f6 17. Ne5 Nf8 18. Nh3 N8d7 19. Nxd7 Qxd7 20. Ng5 Qxa4 21. Bxc7 Qc6 22. Qg3 Qxc4 23. Bxb6 Qxc2 24. Rc1 Qxb2 25. Rb1 Qc2 26. Rbc1 Qa2 27. Qc7 Qd5 28. Qxf7+ Kh8 29. Nf3 Rac8 30. h3 Qd7 31. Ne5 Qxf7 32. Nxf7+ Kg8 33. Nd6 Rxc1 34. Rxc1 Re7 35. Ba5 Bf8 36. Bd8 Rd7 37. Nxb7 Rxb7 38. Bxf6 Ra7 39. Rc4 a5 40. Ra4 Kf7 41. Be5 Ke7 42. Kf1 Kd7 43. Ke2 Kc6 44. Kd3 Kb5 45. Ra2 a4 46. Kc3 a3 47. f4 Ka4 48. d5 exd5 49. g4 Rd7 50. f5 gxf5 51. gxf5 Bb4+ 52. Kc2 d4 53. f6 d3+ 54. Kd1 Kb3 55. Ra1 a2 56. Rc1 Rd5 57. Bc3 Bxc3 58. f7 Rf5 59. f8Q Rxf8 60. Rxc3+ Kxc3 61. Ke1 a1Q# 0-1

[Event "Hong Kong TCA op 2nd"]
[Site "Hong Kong"]
[Date "2023.10.02"]
[Round "5"]
[White "Tang, Tsz Sang"]
[Black "Wu, Kiu Chun Aidan"]
[Result "0-1"]
[WhiteElo "1560"]
[BlackElo "1485"]
[PlyCount "82"]
[EventDate "2023.09.30"]
[EventType "swiss"]
[EventRounds "5"]
[EventCountry "HKG"]
[SourceTitle "CBM 216 Extra"]
[Source "ChessBase"]
[SourceDate "2023.11.30"]
[SourceVersion "1"]
[SourceVersionDate "2023.11.30"]
[SourceQuality "1"]

1. e4 c5 2. Nc3 Nc6 3. Bb5 Nd4 4. Bc4 a6 5. d3 g6 6. Nge2 Bg7 7. 0-0 e6 8. f4 b5 9. Bb3 Nxb3 10. axb3 Bb7 11. Be3 d6 12. Ng3 f5 13. d4 Rc8 14. d5 exd5 15. Nxd5 Ne7 16. Nxf5 gxf5 17. Qh5+ Kf8 18. Nxe7 Qxe7 19. Qxf5+ Qf7 20. Qh3 Rc7 21. e5 Bc8 22. Qh4 Qe7 23. Qh5 d5 24. Rae1 d4 25. Bc1 Qe8 26. Qg5 h6 27. Qh4 Rf7 28. c3 Kg8 29. cxd4 cxd4 30. Bd2 Qe7 31. Qf2 d3 32. Rc1 Kh7 33. Qe1 Rd8 34. Kh1 Bf5 35. Rc6 Qb7 36. Rc1 Bf8 37. Qd1 Rg7 38. Rg1 Be4 39. Qf1 Qd5 40. Be3 Bb4 41. f5 Rdg8 0-1

[Event "Hong Kong TCA op 2nd"]
[Site "Hong Kong"]
[Date "2023.10.01"]
[Round "4"]
[White "Orozco, Lina Yomayra"]
[Black "Tang, Tsz Sang"]
[Result "1/2-1/2"]
[WhiteElo "2031"]
[BlackElo "1560"]
[PlyCount "104"]
[EventDate "2023.09.30"]
[EventType "swiss"]
[EventRounds "5"]
[EventCountry "HKG"]
[SourceTitle "CBM 216 Extra"]
[Source "ChessBase"]
[SourceDate "2023.11.30"]
[SourceVersion "1"]
[SourceVersionDate "2023.11.30"]
[SourceQuality "1"]

1. e4 c5 2. Nf3 a6 3. d4 cxd4 4. Nxd4 Nf6 5. Nc3 e5 6. Nde2 Bb4 7. a3 Bc5 8. Ng3 d6 9. Be2 Be6 10. 0-0 Nbd7 11. Na4 Qc7 12. Bg5 h6 13. Bxf6 Nxf6 14. Nxc5 dxc5 15. Qd3 Rd8 16. Qc3 0-0 17. Rad1 Rfe8 18. Bc4 Bxc4 19. Qxc4 b5 20. Qe2 Rd4 21. c3 Rxd1 22. Rxd1 Rd8 23. f3 c4 24. Nf5 Rxd1+ 25. Qxd1 Qd7 26. Qd6 Qxd6 27. Nxd6 Nd7 28. a4 Nc5 29. axb5 axb5 30. Nxb5 Nd3 31. Kf1 Nxb2 32. Ke2 Na4 33. Kd2 f6 34. Kc2 Kf7 35. Nd6+ Ke6 36. Nxc4 Nc5 37. Ne3 g6 38. g4 Kd6 39. h4 Ne6 40. Nd5 f5 41. Nf6 fxg4 42. fxg4 Nc5 43. Ng8 g5 44. Nxh6 gxh4 45. Nf5+ Ke6 46. Nxh4 Nxe4 47. Nf5 Nf2 48. Ne3 Kd6 49. Kd2 Kc6 50. Ke2 Ne4 51. Kd3 Nd6 52. c4 Nf7 1/2-1/2

[Event "Budha Bhandari Memorial"]
[Site "Budhanilkantha"]
[Date "2019.11.14"]
[Round "9"]
[White "Tang, Tsz Sang"]
[Black "Lee, Soi Hock"]
[Result "1-0"]
[WhiteElo "1702"]
[BlackElo "1977"]
[PlyCount "53"]
[EventDate "2019.11.09"]
[EventType "swiss"]
[EventRounds "9"]
[EventCountry "NEP"]
[SourceTitle "CBM 193 Extra"]
[Source "ChessBase"]
[SourceDate "2020.01.31"]
[SourceVersion "1"]
[SourceVersionDate "2020.01.31"]
[SourceQuality "1"]

1. d4 c5 2. Nf3 g6 3. c4 Bg7 4. Nc3 cxd4 5. Nxd4 Nc6 6. Nxc6 bxc6 7. Qd2 Nf6 8. e4 d6 9. Be2 0-0 10. 0-0 Be6 11. Rd1 Qb6 12. Na4 Qa6 13. Qc2 Nxe4 14. c5 Qa5 15. Qxe4 Bf5 16. Qc4 d5 17. Qb3 Rab8 18. Bd2 Qc7 19. Qa3 d4 20. Bd3 Bg4 21. Re1 e5 22. Bc4 Kh8 23. Qg3 Bd7 24. f4 Rbe8 25. fxe5 Bxe5 26. Qh4 f5 27. Bh6 1-0

[Event "Budha Bhandari Memorial"]
[Site "Budhanilkantha"]
[Date "2019.11.13"]
[Round "8"]
[White "Tang, Tsz Sang"]
[Black "Takahashi, Ryunosuke"]
[Result "1-0"]
[WhiteElo "1702"]
[BlackElo "1640"]
[PlyCount "48"]
[EventDate "2019.11.09"]
[EventType "swiss"]
[EventRounds "9"]
[EventCountry "NEP"]
[SourceTitle "CBM 193 Extra"]
[Source "ChessBase"]
[SourceDate "2020.01.31"]
[SourceVersion "1"]
[SourceVersionDate "2020.01.31"]
[SourceQuality "1"]

1. d4 Nf6 2. c4 e6 3. Nf3 d5 4. Nc3 Be7 5. Bg5 0-0 6. e3 a6 7. cxd5 exd5 8. Bd3 Bg4 9. Qc2 h6 10. Bh4 Nbd7 11. Bxf6 Nxf6 12. 0-0-0 c5 13. dxc5 Bxc5 14. Kb1 Rc8 15. Qa4 Qc7 16. Nxd5 Nxd5 17. Qxg4 Nb4 18. Bc4 b5 19. Rd7 Qb8 20. Bb3 Kh8 21. a3 Nc6 22. Rxf7 Rxf7 23. Bxf7 Rd8 24. Rc1 Bxa3 1-0

[Event "Budha Bhandari Memorial"]
[Site "Budhanilkantha"]
[Date "2019.11.12"]
[Round "6"]
[White "Tang, Tsz Sang"]
[Black "Basnet, Parjwal"]
[Result "1-0"]
[WhiteElo "1702"]
[BlackElo "1492"]
[PlyCount "84"]
[EventDate "2019.11.09"]
[EventType "swiss"]
[EventRounds "9"]
[EventCountry "NEP"]
[SourceTitle "CBM 193 Extra"]
[Source "ChessBase"]
[SourceDate "2020.01.31"]
[SourceVersion "1"]
[SourceVersionDate "2020.01.31"]
[SourceQuality "1"]

1. d4 d5 2. c4 c6 3. Nf3 Nf6 4. cxd5 cxd5 5. Nc3 e6 6. Bg5 Be7 7. e3 0-0 8. Bd3 Nc6 9. 0-0 Bd7 10. Rc1 Qb6 11. Qe2 Rac8 12. Ne5 Qd8 13. f4 h6 14. Bxf6 Bxf6 15. Ng4 Nb4 16. Bb1 Bc6 17. Rf3 Re8 18. a3 Na6 19. Qd3 Nb8 20. Rg3 Kf8 21. Nxf6 Qxf6 22. Qh7 Ke7 23. Qxg7 Qxg7 24. Rxg7 Rh8 25. f5 Rcg8 26. Rxg8 Rxg8 27. Rf1 Nd7 28. fxe6 fxe6 29. Rf3 Nb6 30. Rh3 Rh8 31. g3 Nd7 32. Ne2 Nf6 33. Nf4 Be8 34. Kf2 Kd7 35. Ke1 Ke7 36. Bg6 a6 37. Bxe8 Kxe8 38. Nxe6 Ne4 39. Nc7+ Kd7 40. Nxd5 Kc6 41. Ne7+ Kd7 42. Nf5 h5 1-0

[Event "Budha Bhandari Memorial"]
[Site "Budhanilkantha"]
[Date "2019.11.11"]
[Round "4"]
[White "Tang, Tsz Sang"]
[Black "Maharjan, Saroj"]
[Result "0-1"]
[WhiteElo "1702"]
[BlackElo "1927"]
[PlyCount "62"]
[EventDate "2019.11.09"]
[EventType "swiss"]
[EventRounds "9"]
[EventCountry "NEP"]
[SourceTitle "CBM 193 Extra"]
[Source "ChessBase"]
[SourceDate "2020.01.31"]
[SourceVersion "1"]
[SourceVersionDate "2020.01.31"]
[SourceQuality "1"]

1. d4 c5 2. Nf3 d5 3. e3 Bg4 4. Be2 Nc6 5. b3 cxd4 6. exd4 e6 7. 0-0 Bd6 8. Bb2 Bxf3 9. Bxf3 Nf6 10. c4 h5 11. h3 g5 12. Re1 g4 13. hxg4 hxg4 14. Bxg4 Ne4 15. Qf3 Qh4 16. Bh3 Ng5 17. Qg4 Nxh3+ 18. gxh3 Qh7 19. Qf3 0-0-0 20. Kf1 Rhg8 21. Nd2 Rg5 22. a3 Rf5 23. Qc3 Qh4 24. Re2 Rg8 25. Ke1 Rg2 26. cxd5 Rfxf2 27. Rxf2 Qxf2+ 28. Kd1 exd5 29. Qd3 Bf4 30. Bc3 Bxd2 31. Qxd2 Qf3+ 0-1

[Event "Budha Bhandari Memorial"]
[Site "Budhanilkantha"]
[Date "2019.11.10"]
[Round "2"]
[White "Tang, Tsz Sang"]
[Black "Dahal, Mission"]
[Result "1-0"]
[WhiteElo "1702"]
[BlackElo "1411"]
[PlyCount "105"]
[EventDate "2019.11.09"]
[EventType "swiss"]
[EventRounds "9"]
[EventCountry "NEP"]
[SourceTitle "CBM 193 Extra"]
[Source "ChessBase"]
[SourceDate "2020.01.31"]
[SourceVersion "1"]
[SourceVersionDate "2020.01.31"]
[SourceQuality "1"]

1. d4 d6 2. e4 Nf6 3. f3 g6 4. c4 Bg7 5. Nc3 0-0 6. Bd3 Nbd7 7. Nge2 c5 8. d5 Ne5 9. 0-0 a6 10. Nf4 Nxd3 11. Nxd3 Qc7 12. Re1 Nd7 13. f4 Nb6 14. Qb3 e6 15. a4 exd5 16. exd5 Bf5 17. Nf2 Rfe8 18. Bd2 Bd4 19. a5 Nd7 20. Ne2 Bxf2+ 21. Kxf2 Nf6 22. Ng3 Ne4+ 23. Nxe4 Bxe4 24. Qg3 f5 25. Bc3 Qe7 26. b3 Qf8 27. Bb2 Re7 28. Qc3 Qg7 29. Qxg7+ Rxg7 30. Bxg7 Kxg7 31. g4 Rd8 32. gxf5 gxf5 33. Rg1+ Kf7 34. Rg3 Rg8 35. Rag1 Rg6 36. Ke3 Kf6 37. Rxg6+ hxg6 38. Rg3 Bc2 39. Ke2 Kf7 40. Re3 Be4 41. Rxe4 fxe4 42. Ke3 Ke7 43. Kxe4 Kf6 44. h4 Kf7 45. f5 Kf6 46. fxg6 Kxg6 47. Kf4 Kf6 48. h5 Kg7 49. Kg5 Kh7 50. h6 Kh8 51. Kf6 Kh7 52. Ke7 Kxh6 53. Kxd6 1-0

[Event "Hong Kong-ch prel"]
[Site "Hong Kong"]
[Date "2019.01.14"]
[Round "2"]
[White "Chong, Chor Yuen"]
[Black "Tang, Tsz Sang"]
[Result "0-1"]
[WhiteElo "1888"]
[BlackElo "1665"]
[PlyCount "119"]
[EventDate "2019.01.07"]
[EventType "swiss"]
[EventRounds "9"]
[EventCountry "HKG"]
[SourceTitle "EXT 2020"]
[Source "ChessBase"]
[SourceDate "2019.10.17"]
[SourceVersion "1"]
[SourceVersionDate "2019.10.17"]
[SourceQuality "1"]

1. e4 e6 2. d4 d5 3. Nc3 Nc6 4. e5 Nge7 5. Nf3 Nf5 6. Bg5 Be7 7. Bxe7 Qxe7 8. a3 Bd7 9. Qd2 Rc8 10. 0-0-0 Nb8 11. g4 Nh4 12. Nxh4 Qxh4 13. h3 c5 14. Nb5 Bxb5 15. Bxb5+ Ke7 16. f4 a6 17. Be2 Qf2 18. f5 h6 19. dxc5 Qxc5 20. fxe6 fxe6 21. Rhf1 Nd7 22. c3 Nxe5 23. Qf4 Qc7 24. g5 Rcf8 25. Qg3 Kd8 26. Rxf8+ Rxf8 27. gxh6 gxh6 28. Qh4+ Qe7 29. Qxh6 Kc8 30. Rg1 Qf6 31. Qxf6 Rxf6 32. Rg5 Nf3 33. Rg3 Nh4 34. Rg7 Nf5 35. Rh7 Rh6 36. Rxh6 Nxh6 37. Kd2 Kd7 38. Ke3 e5 39. b3 a5 40. h4 Nf5+ 41. Kd3 e4+ 42. Kd2 Nxh4 43. c4 Kd6 44. cxd5 Kxd5 45. Bc4+ Kd4 46. Be2 Nf3+ 47. Kc2 Ne1+ 48. Kd2 Nd3 49. Bh5 b6 50. Bg4 Nf4 51. Kc2 Nd3 52. Kd2 Ne5 53. Be2 Nf3+ 54. Kc2 Ng1 55. Bb5 Nh3 56. Kd2 Nf4 57. Ba6 Nd5 58. Bb5 Nc3 59. Bf1 Nb1+ 60. Kc1 0-1

[Event "Hong Kong Jolimark op"]
[Site "Hong Kong"]
[Date "2018.12.25"]
[Round "7"]
[White "Tang, Tsz Sang"]
[Black "Stauffer, Craig A"]
[Result "0-1"]
[WhiteElo "1664"]
[BlackElo "2136"]
[PlyCount "106"]
[EventDate "2018.12.22"]
[EventType "swiss"]
[EventRounds "9"]
[EventCountry "HKG"]
[SourceTitle "CBM 188 Extra"]
[Source "ChessBase"]
[SourceDate "2019.02.28"]
[SourceVersion "1"]
[SourceVersionDate "2019.02.28"]
[SourceQuality "1"]

1. d4 Nf6 2. c4 g6 3. Nc3 Bg7 4. e4 d6 5. Nf3 0-0 6. Be2 Na6 7. 0-0 e5 8. Be3 Qe8 9. dxe5 Ng4 10. Bf4 dxe5 11. Bg5 c6 12. Qc2 h6 13. Bh4 Nc5 14. b4 Ne6 15. h3 Nf6 16. Rad1 Nh5 17. c5 Nhf4 18. Bc4 g5 19. Bg3 Ng6 20. Ne2 Qe7 21. Bh2 Qf6 22. Ng3 Ngf4 23. Nf5 Rd8 24. Qb3 Ng6 25. a3 h5 26. g4 Ngf4 27. Bxf4 Nxf4 28. Bxf7+ Kf8 29. Rxd8+ Qxd8 30. Kh2 Bxf5 31. exf5 hxg4 32. hxg4 Qf6 33. Bg8 Rd8 34. Nxg5 Ke7 35. Re1 Rd3 36. Qf7+ Qxf7 37. Nxf7 Kf8 38. Nxe5 Rh3+ 39. Kg1 Kxg8 40. Nd7 Rd3 41. f6 Rxd7 42. fxg7 Kxg7 43. Re3 Kf6 44. Kh2 Kg5 45. Kg3 Rd3 46. Kf3 Rxe3+ 47. fxe3 Ne6 48. Kg3 Kf6 49. Kf3 Ke5 50. Ke2 Ke4 51. a4 a5 52. g5 Nxg5 53. b5 Ne6 0-1

[Event "Hong Kong Jolimark op"]
[Site "Hong Kong"]
[Date "2018.12.24"]
[Round "5"]
[White "Tang, Tsz Sang"]
[Black "Concio, Michael Jr"]
[Result "0-1"]
[WhiteElo "1664"]
[BlackElo "2034"]
[PlyCount "92"]
[EventDate "2018.12.22"]
[EventType "swiss"]
[EventRounds "9"]
[EventCountry "HKG"]
[SourceTitle "CBM 188 Extra"]
[Source "ChessBase"]
[SourceDate "2019.02.28"]
[SourceVersion "1"]
[SourceVersionDate "2019.02.28"]
[SourceQuality "1"]

1. d4 Nf6 2. c4 e6 3. Nc3 Bb4 4. Bd2 Bxc3 5. Bxc3 Ne4 6. Rc1 0-0 7. Nf3 f5 8. d5 d6 9. dxe6 Bxe6 10. e3 Nd7 11. Nd4 Qe7 12. Nxe6 Qxe6 13. Qd5 Ndc5 14. Qxe6+ Nxe6 15. g3 Nxc3 16. Rxc3 a5 17. Bg2 Nc5 18. Kd1 g6 19. Kc1 Rab8 20. Rd1 b5 21. cxb5 Rxb5 22. Rd5 Rfb8 23. Rc2 Kg7 24. Rd4 Kf6 25. Rd5 Ne6 26. Rxb5 Rxb5 27. Bc6 Rb6 28. h4 Nc5 29. Bf3 Nd3+ 30. Kd2 Nxf2 31. Kc3 Ng4 32. Bxg4 Rc6+ 33. Kb3 a4+ 34. Kxa4 Rxc2 35. Bf3 Rxb2 36. Ka3 Rb6 37. Ka4 h6 38. Ka5 g5 39. hxg5+ hxg5 40. a4 f4 41. gxf4 gxf4 42. exf4 Kf5 43. Be2 Kxf4 44. Bb5 Ke5 45. Kb4 c6 46. Ka5 cxb5 0-1

[Event "Hong Kong Jolimark op"]
[Site "Hong Kong"]
[Date "2018.12.23"]
[Round "2"]
[White "Wong, Meng Kong"]
[Black "Tang, Tsz Sang"]
[Result "1-0"]
[WhiteElo "2246"]
[BlackElo "1664"]
[PlyCount "61"]
[EventDate "2018.12.22"]
[EventType "swiss"]
[EventRounds "9"]
[EventCountry "HKG"]
[SourceTitle "CBM 188 Extra"]
[Source "ChessBase"]
[SourceDate "2019.02.28"]
[SourceVersion "1"]
[SourceVersionDate "2019.02.28"]
[SourceQuality "1"]

1. c4 d6 2. g3 e5 3. Bg2 f5 4. Nc3 Nf6 5. d4 exd4 6. Nd5 c6 7. Nxf6+ Qxf6 8. Nf3 c5 9. 0-0 h6 10. e3 dxe3 11. Re1 Be7 12. Rxe3 0-0 13. Bd2 Nd7 14. Bc3 Qf7 15. Nh4 Nf6 16. Ng6 Re8 17. Nxe7+ Rxe7 18. Qxd6 Rxe3 19. fxe3 Ne4 20. Bxe4 fxe4 21. Rf1 Qe8 22. Qd5+ Be6 23. Qxb7 Bd7 24. Rd1 Rd8 25. Qd5+ Kh8 26. Ba5 Rb8 27. Qxd7 Qh5 28. Bc3 Qg5 29. Kg2 Rf8 30. h4 Qg6 31. Rd6 1-0

[Event "Hong Kong op"]
[Site "Hong Kong"]
[Date "2018.09.24"]
[Round "3"]
[White "Tang, Tsz Sang"]
[Black "Lam, Theodore Lukas"]
[Result "1-0"]
[WhiteElo "1646"]
[BlackElo "1301"]
[PlyCount "93"]
[EventDate "2018.09.03"]
[EventType "swiss"]
[EventRounds "7"]
[EventCountry "HKG"]
[SourceTitle "CBM 187 Extra"]
[Source "ChessBase"]
[SourceDate "2018.11.04"]
[SourceVersion "1"]
[SourceVersionDate "2018.11.04"]
[SourceQuality "1"]

1. c4 Nf6 2. d4 d6 3. Nf3 Nbd7 4. Nc3 g6 5. e4 Bg7 6. Be2 c5 7. d5 0-0 8. h3 Ne5 9. Nd2 e6 10. f4 Ned7 11. 0-0 Ne8 12. Qc2 Nb6 13. Bd3 f5 14. exf5 exf5 15. Nf3 Nf6 16. Bd2 Bd7 17. Rf2 Nh5 18. Kh2 Qc7 19. Rg1 Nf6 20. g3 Rae8 21. Rfg2 Re7 22. g4 Qc8 23. g5 Ne8 24. h4 Nc7 25. Ne2 Qe8 26. b3 Nc8 27. a4 b6 28. Ng3 a5 29. h5 Na7 30. Rh1 Nc8 31. Kg1 Ref7 32. Rgh2 Qe7 33. Kf2 Ne8 34. Kf1 Na7 35. Bc1 Nc8 36. Rh3 Ba1 37. Qa2 Bc3 38. Qc2 Ba1 39. Bd2 Rg7 40. Kg2 Bd4 41. Nxd4 cxd4 42. Qb2 Nc7 43. Qxd4 Ne8 44. Kf2 Nc7 45. hxg6 hxg6 46. Rh8+ Kf7 47. Qxg7+ 1-0

[Event "Hong Kong op"]
[Site "Hong Kong"]
[Date "2018.09.03"]
[Round "1"]
[White "Lu, Jacob"]
[Black "Tang, Tsz Sang"]
[Result "0-1"]
[WhiteElo "1026"]
[BlackElo "1646"]
[PlyCount "88"]
[EventDate "2018.09.03"]
[EventType "swiss"]
[EventRounds "7"]
[EventCountry "HKG"]
[SourceTitle "CBM 187 Extra"]
[Source "ChessBase"]
[SourceDate "2018.11.04"]
[SourceVersion "1"]
[SourceVersionDate "2018.11.04"]
[SourceQuality "1"]

1. e4 c6 2. d4 d5 3. exd5 cxd5 4. Nf3 Bf5 5. Bf4 Nf6 6. Nbd2 e6 7. c4 dxc4 8. Bxc4 Nc6 9. Nb3 Bd6 10. Bxd6 Qxd6 11. 0-0 Rd8 12. Re1 0-0 13. Nc5 Qc7 14. Rc1 Bg4 15. h3 Bxf3 16. Qxf3 Nxd4 17. Qa3 Qb6 18. Na4 Qa5 19. b4 Qf5 20. Qe3 Nc2 21. Rxc2 Qxc2 22. Bb3 Qd2 23. Qe2 Qxb4 24. Rc1 Rd2 25. Qc4 Qxc4 26. Rxc4 b5 27. Rc7 bxa4 28. Bxa4 Rxa2 29. Rxa7 Ne4 30. Ra6 Nxf2 31. Rc6 Nxh3+ 32. gxh3 Rxa4 33. Kg2 Ra3 34. Rc5 f5 35. Re5 Kf7 36. h4 Rb8 37. Kf1 Ra2 38. Re1 f4 39. Rc1 f3 40. Rc7+ Kf6 41. Rc1 Rbb2 42. Rd1 Rf2+ 43. Ke1 Rh2 44. Kf1 Rh1# 0-1

[Event "Hong Kong-ch prel"]
[Site "Hong Kong"]
[Date "2018.03.26"]
[Round "11"]
[White "Tang, Tsz Sang"]
[Black "Pu, Henry"]
[Result "0-1"]
[WhiteElo "1673"]
[BlackElo "1646"]
[PlyCount "134"]
[EventDate "2018.01.08"]
[EventType "swiss"]
[EventRounds "11"]
[EventCountry "HKG"]
[SourceTitle "EXT 2019"]
[Source "ChessBase"]
[SourceDate "2018.10.10"]
[SourceVersion "1"]
[SourceVersionDate "2018.10.10"]
[SourceQuality "1"]

1. d4 d5 2. Nf3 Nf6 3. Bg5 e6 4. e3 Be7 5. Bd3 0-0 6. c3 Nbd7 7. Nbd2 b6 8. Qa4 Bb7 9. Ne5 h6 10. Bh4 Nxe5 11. dxe5 Nd7 12. Bxe7 Qxe7 13. Nf3 Nc5 14. Qc2 Nxd3+ 15. Qxd3 c5 16. 0-0 Rad8 17. Rad1 Rd7 18. Rd2 Bc6 19. Rfd1 Rfd8 20. h3 Rb8 21. Rb1 Rbd8 22. Rbd1 Rb8 23. Qc2 Rbd8 24. Kh2 Bb5 25. Kh1 Kh8 26. Qb3 Bc6 27. Kh2 Kg8 28. Qc2 Bb5 29. Qb3 Bc6 30. Qc2 Bb5 31. Kh1 Kh8 32. Kh2 Kg8 33. Ne1 Kh8 34. f4 Kg8 35. Nf3 Ba6 36. Qa4 Bc8 37. Ne1 a6 38. Qb3 b5 39. Nf3 Bb7 40. Qa3 Rc8 41. Qb3 Bc6 42. Qc2 a5 43. b3 Rcd8 44. Qb1 b4 45. Qc1 Bb5 46. Ng1 Ba6 47. Nf3 Rc8 48. Rc2 Rdc7 49. Rdd2 Bb7 50. cxb4 axb4 51. Ne1 Ba6 52. Nf3 Ra8 53. Nd4 Rac8 54. Ne2 Bxe2 55. Rxe2 c4 56. bxc4 Rxc4 57. Qb1 Qc5 58. Rb2 Ra8 59. Qe1 Ra3 60. Kg1 Rac3 61. Kf2 d4 62. h4 d3 63. Red2 Rc2 64. Kf3 Rxb2 65. Rxb2 Qd5+ 66. Kg3 Rc2 67. Rxb4 Qxg2# 0-1

[Event "Hong Kong-ch prel"]
[Site "Hong Kong"]
[Date "2018.02.26"]
[Round "7"]
[White "Iyer, Neel"]
[Black "Tang, Tsz Sang"]
[Result "1/2-1/2"]
[WhiteElo "1483"]
[BlackElo "1673"]
[PlyCount "110"]
[EventDate "2018.01.08"]
[EventType "swiss"]
[EventRounds "11"]
[EventCountry "HKG"]
[SourceTitle "EXT 2019"]
[Source "ChessBase"]
[SourceDate "2018.10.10"]
[SourceVersion "1"]
[SourceVersionDate "2018.10.10"]
[SourceQuality "1"]

1. Nf3 c5 2. g3 g6 3. Bg2 Bg7 4. 0-0 Nf6 5. d3 0-0 6. Nbd2 Nc6 7. Re1 d5 8. e4 Be6 9. Ng5 Bg4 10. f3 Bd7 11. e5 Ne8 12. e6 fxe6 13. Nxe6 Bxe6 14. Rxe6 Qd7 15. Re1 Nd6 16. a3 Nf5 17. c3 Ne5 18. Qe2 d4 19. c4 Ne3 20. Ne4 Nxg2 21. Kxg2 b6 22. f4 Nc6 23. Ng5 e5 24. Qf3 exf4 25. gxf4 h6 26. Ne4 g5 27. Qg3 gxf4 28. Bxf4 Kh7 29. Rf1 Rg8 30. Qh3 Be5+ 31. Bg3 Qxh3+ 32. Kxh3 Rgf8 33. Bxe5 Nxe5 34. Rxf8 Rxf8 35. Rd1 Rf3+ 36. Kg2 Rxd3 37. Rxd3 Nxd3 38. b3 Kg6 39. Kf3 a5 40. Nd6 Nc1 41. Nc8 Nxb3 42. Nxb6 Kf5 43. Nd7 Nd2+ 44. Ke2 Nxc4 45. Kd3 Nxa3 46. Nxc5 Ke5 47. Nb7 a4 48. Nc5 Nb5 49. Nxa4 Nd6 50. Nc5 Nf5 51. Nd7+ Kf4 52. Nf6 Kf3 53. Ng8 Kg2 54. Nxh6 Nxh6 55. Kxd4 Kxh2 1/2-1/2

[Event "Hong Kong-ch prel"]
[Site "Hong Kong"]
[Date "2018.01.15"]
[Round "2"]
[White "Tang, Tsz Sang"]
[Black "Chan, Lok Yee Lewis"]
[Result "0-1"]
[WhiteElo "1673"]
[BlackElo "1871"]
[PlyCount "66"]
[EventDate "2018.01.08"]
[EventType "swiss"]
[EventRounds "11"]
[EventCountry "HKG"]
[SourceTitle "EXT 2019"]
[Source "ChessBase"]
[SourceDate "2018.10.10"]
[SourceVersion "1"]
[SourceVersionDate "2018.10.10"]
[SourceQuality "1"]

1. e4 c6 2. d4 d5 3. Nc3 dxe4 4. Nxe4 Bf5 5. Ng3 Bg6 6. N1e2 e6 7. Nf4 Bd6 8. Ngh5 Bxh5 9. Nxh5 g6 10. Ng3 Nf6 11. Bh6 Bf8 12. Bxf8 Rxf8 13. Bc4 Qd6 14. 0-0 Nbd7 15. c3 h5 16. h3 h4 17. Ne2 g5 18. Nc1 Rg8 19. Be2 Nd5 20. Nd3 Nf4 21. Nxf4 Qxf4 22. Qa4 Nf6 23. f3 Nd5 24. Rf2 Qg3 25. Bc4 Nf4 26. Rd2 b5 27. Bxb5 cxb5 28. Qxb5+ Ke7 29. d5 exd5 30. Qc5+ Kf6 31. Kh1 Rge8 32. Rg1 Re6 33. b4 Rae8 0-1

[Event "Hong Kong-ch op"]
[Site "Hong Kong"]
[Date "2017.11.20"]
[Round "7"]
[White "Tang, Tsz Sang"]
[Black "Chung, Edwin Shu Hon"]
[Result "0-1"]
[WhiteElo "1691"]
[BlackElo "1748"]
[PlyCount "112"]
[EventDate "2017.10.09"]
[EventType "swiss"]
[EventRounds "7"]
[EventCountry "HKG"]
[SourceTitle "EXT 2019"]
[Source "ChessBase"]
[SourceDate "2018.10.10"]
[SourceVersion "1"]
[SourceVersionDate "2018.10.10"]
[SourceQuality "1"]

1. d4 d5 2. c4 c6 3. cxd5 cxd5 4. Nf3 Nf6 5. Nc3 Nc6 6. e3 Bf5 7. Ne5 e6 8. g4 Be4 9. f3 Bg6 10. h4 h5 11. Nxg6 fxg6 12. Bd3 hxg4 13. Bxg6+ Kd7 14. fxg4 Qb8 15. Qf3 Bd6 16. Ne2 Ne7 17. Bd3 Ne4 18. Bxe4 dxe4 19. Qg2 Nd5 20. a3 Qd8 21. g5 Qa5+ 22. Bd2 Bb4 23. Bxb4 Nxb4 24. 0-0-0 Rac8+ 25. Kb1 Nc2 26. Qxe4 Qb5 27. d5 Nxa3+ 28. Ka2 Qc4+ 29. Qxc4 Nxc4 30. dxe6+ Kxe6 31. Nf4+ Kf5 32. Nd5 Rhe8 33. Rdf1+ Ke4 34. Rd1 Red8 35. Nc3+ Kxe3 36. Rde1+ Kf3 37. Re7 Rd2 38. Rxb7 Nb6 39. Kb3 Nc4 40. Ka2 Nb6 41. Nd1 Rc1 42. Rxg7 Nd5 43. Kb3 Rd3+ 44. Ka4 a6 45. Rh3+ Ke2 46. Rxd3 Kxd3 47. Nf2+ Kc2 48. Rc7+ Nxc7 49. Ka5 Kxb2 50. h5 Ra1+ 51. Kb6 Nd5+ 52. Kc5 Ra5+ 53. Kd6 Nf4 54. Ne4 Rd5+ 55. Kc6 Re5 56. g6 Nxh5 0-1